| 000 | 01110nam a2200277 i 4500 | ||
|---|---|---|---|
| 001 | 18326 | ||
| 003 | DO-SdUEMH | ||
| 005 | 20260112210913.0 | ||
| 007 | ta | ||
| 008 | 260112s2018 |||a|||gr|||| 00| 0dspa d | ||
| 020 | _a9788426726148 | ||
| 040 |
_aDO-SdUEMH _bspa _erda |
||
| 041 | _aspa | ||
| 082 | 1 | 4 |
_mCG _bA318 |
| 100 | 1 | _eaut | |
| 245 |
_aLa Venta Centrada en el Cliente: _bfilosofía y práctica de la venta consultiva / _cPedro Álamo Carrasco |
||
| 264 | 1 |
_aEspaña : _bMarcombo, _c2018 |
|
| 264 | 4 | _c©2018 | |
| 300 |
_a187 páginas : _bilustraciones ; _c20 cm. |
||
| 336 |
_2rdacontent _atexto _btxt |
||
| 337 |
_2rdamedia _asin mediación _bn |
||
| 338 |
_2rdacarrier _avolumen _bnc |
||
| 504 | _aContiene Información Bibliográfica a Final de la Obra. | ||
| 505 | 2 | _aPrólogo de Mercer Human Resource Consulting -- Prólogo de HayGroup -- Capítulo 1: Introducción -- Capítulo 2: Presente y futuro de la Dirección de Personas -- Capítulo 3: Competencias de la Dirección de Personas -- Capítulo 4: Exigencias de la Alta Dirección a la Función de Recursos Humanos. | |
| 942 |
_2ddc _cBK _n0 |
||
| 999 |
_c18326 _d18326 |
||